[Event "Romulus op"]
[Site "Romulus"]
[Date "2000.09.02"]
[Round "3"]
[White "Avery, Robert William"]
[Black "Shellenberger, Richard"]
[Result "1/2-1/2"]
[WhiteElo "1594"]
[BlackElo "1716"]
[PlyCount "69"]
[EventDate "2000.09.01"]
[EventType "swiss"]
[EventRounds "7"]
[EventCountry "USA"]
[SourceTitle "EXT 2007"]
[Source "ChessBase"]
[SourceDate "2006.11.23"]
[SourceVersion "1"]
[SourceVersionDate "2006.11.23"]
[SourceQuality "1"]

1. d4 Nf6 2. Nf3 b6 3. Bg5 Bb7 4. e3 e6 5. Be2 Be7 6. h3 c5 7. c3 Qc7 8. Nbd2 d6 9. 0-0 Nbd7 10. Bf4 0-0 11. a4 a5 12. Nc4 Ba6 13. Na3 Rfb8 14. Bxa6 Rxa6 15. Nb5 Qc6 16. Qe2 Raa8 17. Rad1 Ne8 18. e4 Qb7 19. dxc5 Nxc5 20. Bxd6 Nxd6 21. Nxd6 Bxd6 22. Rxd6 Nxa4 23. Rfd1 Nc5 24. e5 Qc7 25. Qb5 Rd8 26. R1d4 Rab8 27. Nd2 Rxd6 28. Rxd6 g6 29. Nc4 Ne4 30. Rxb6 Rxb6 31. Nxb6 Qa7 32. c4 a4 33. c5 a3 34. bxa3 Qxa3 35. Nd7 1/2-1/2